Folyamatszervezés és logisztikai optimalizálás egy diagnosztikai laboratóriumban a Spektrum-Lab Kft.-nél
| Szerző: | |
|---|---|
| További közreműködők: | |
| Dokumentumtípus: | Projektmunka |
| Kulcsszavak: | folyamatszervezés laboratórium logisztika logisztikai rendszer optimalizálás Spektrum-Lab Kft. |
| Online Access: | http://dolgozattar.uni-bge.hu/59765 |
MARC
| LEADER | 00000nnm a2200000 i 4500 | ||
|---|---|---|---|
| 001 | dolg59765 | ||
| 005 | 20260409145532.0 | ||
| 008 | 260409suuuu hu o 000 hun d | ||
| 040 | |a BGE Dolgozattár Repozitórium |b hun | ||
| 041 | |a hu | ||
| 100 | 1 | |a Pados Balázs Gergely | |
| 245 | 1 | 0 | |a Folyamatszervezés és logisztikai optimalizálás egy diagnosztikai laboratóriumban a Spektrum-Lab Kft.-nél |c Pados Balázs Gergely |h [elektronikus dokumentum] |
| 516 | |a Project_work | ||
| 520 | 3 | |a A Spektrum-Lab Kft. logisztikai rendszerének átfogó modernizálása jelentős előrelépést hozott a működés hatékonyságában. Az útvonalak optimalizálása révén 13,5%-os költségcsökkenés volt elérhető, miközben a határidők betartásának aránya is javult. Ezzel párhuzamosan elindult egy saját fejlesztésű logisztikai applikáció létrehozása, amely célja az adminisztratív terhek csökkentése és a folyamatok további egyszerűsítése. A digitális transzformáció részeként bevezetett SMARTERP rendszerhez illeszkedő raktárkezelő program lehetővé tette a kódalapú azonosítást és a digitális adatfeldolgozást, ezzel jelentősen növelve a készletgazdálkodás pontosságát és átláthatóságát. A manuális hibák csökkentése mellett a rendszer hosszú távon is biztosítja a fenntartható, magas színvonalú működést, hozzájárulva a cég versenyképességének növeléséhez a hazai magánegészségügyben. A preanalitikai szakasz digitalizálása terén az S4DX rendszer bevezetése jelent áttörést. Ez az innovatív, modulárisan felépülő rendszer lehetőséget kínál a minták pontos rögzítésére, teljes körű nyomon követésére és valós idejű adatvizsgálatára. A szállítási folyamatokról készült riportok és grafikonok jól szemléltetik a rendszer megbízhatóságát és precizitását. A megoldás erősíti a betegbiztonságot, csökkenti az emberi hibákból eredő kockázatokat, és hosszú távon segíti az egészségügyi szolgáltatások minőségének javítását. Az S4DX ugyanakkor tesztelés alatt áll: amíg a saját applikáció fejlesztése folyik, addig a rendszer összehasonlítási alapként is szolgál, hogy a legjobb megoldás mellett szülessen döntés a jövőre nézve. Az említett fejlesztések összességében nemcsak technológiai, hanem stratégiai előrelépést is jelentenek a Spektrum-Lab Kft. számára, megalapozva a hosszú távú növekedést és a stabil működést a digitalizált egészségügyi ellátásban. | |
| 695 | |a folyamatszervezés | ||
| 695 | |a laboratórium | ||
| 695 | |a logisztika | ||
| 695 | |a logisztikai rendszer | ||
| 695 | |a optimalizálás | ||
| 695 | |a Spektrum-Lab Kft. | ||
| 700 | 1 | |a Bányai Dr. Kornél |e ths | |
| 856 | 4 | 0 | |u http://dolgozattar.uni-bge.hu/59765/1/Folyamatszerveze%CC%81s%20e%CC%81s%20logisztikai%20optimaliza%CC%81la%CC%81s%20egy%20diagnosztikai%20laborato%CC%81riumban%20a%20Spektrum-Lab%20Kft.-ne%CC%81l.pdf |z Dokumentum-elérés |
| 856 | 4 | 0 | |u http://dolgozattar.uni-bge.hu/59765/2/Pados_Gergely_Balazs_FOSZK_B%C3%ADr%C3%A1lat.pdf |z Dokumentum-elérés |